Tratado histórico y dogmático de la verdadera religión, con la refutación de los errores con que ha sido impugnada en los diferentes siglos
Saved in:
| Main Author: | |
|---|---|
| Format: | Book |
| Language: | Spanish |
| Published: |
Madrid
Primitivo Fuentes
1847
|
| Series: | Biblioteca Eclesiastica
|
| Subjects: | |
| Tags: |
Add Tag
No Tags, Be the first to tag this record!
|
MARC
| LEADER | 00000nam a2200000 a 4500 | ||
|---|---|---|---|
| 001 | UCI6820 | ||
| 003 | CL-VaPUC | ||
| 008 | 080530e18470000SP |||||||||||||||||spa|d | ||
| 082 | 0 | 4 | |a 270 |b BER |2 21 |
| 100 | 0 | |a Bergier, Abate |e author |9 529820 | |
| 245 | 1 | 0 | |a Tratado histórico y dogmático de la verdadera religión, con la refutación de los errores con que ha sido impugnada en los diferentes siglos |
| 300 | |a 2 v | ||
| 942 | |c BK | ||
| 945 | |d 20080530 00:00:00 |a rbrito | ||
| 260 | |a Madrid |b Primitivo Fuentes |c 1847 | ||
| 500 | |a Donación Padres Capuchinos | ||
| 650 | 0 | |a Historia de la iglesia católica |9 310593 | |
| 650 | 0 | |a Cristianismo |9 257361 | |
| 650 | 7 | |a DOGMATISMO |2 CL-VaPUC |9 337265 | |
| 650 | 0 | |a Historia antigua |9 267521 | |
| 583 | |a last modification |c 20080530 00:00:00 |k Rodrigo Vera | ||
| 490 | 0 | |a Biblioteca Eclesiastica | |
| 999 | |c 330269 |d 330267 | ||
| 952 | |0 0 |1 0 |4 0 |6 270_000000000000000_BER_1847 |7 0 |8 X |9 415753 |a FDOBUD |b FDOBUD |d 2019-11-22 |h v.1 |i 4443683 |o 270 BER 1847 |p 4443683 |r 2019-11-22 |w 2019-11-22 |y BK_X |k BUD | ||
| 952 | |0 0 |1 0 |4 0 |6 270_000000000000000_BER_1847 |7 0 |8 X |9 415754 |a FDOBUD |b FDOBUD |d 2019-11-22 |h v.2 |i 4443691 |o 270 BER 1847 |p 4443691 |r 2019-11-22 |w 2019-11-22 |y BK_X |k BUD | ||